Geography Trivia #1 - Statistics

General Stats
  • This quiz has been taken 97 times
  • The average score is 9 of 15
Answer Stats
Question Answer % Correct
Which of the following is the capital of Romania Bucharest
92%
Which of the following is not a Caribbean country? Tonga
88%
Which of the following countries are in Africa? Burundi
79%
What is the capital of Senegal? Dakar
79%
Which country is the smallest? Vatican City
77%
Which of the following is not a continent? Middle East
73%
Which of the following countries are not present on the island of Borneo? Singapore
63%
What country used to be called Siam? Thailand
63%
Which of the following countries are not in the UN? Kosovo
60%
How many countries are in the Lowlands (Europe) 3
54%
How many Nordic countries are there? 5
50%
Which country colonised Korea in 1910? Japan
50%
Which of the following countries does not have the Union Jack on their flag? Samoa
48%
Which of the following USA states are the furthered east? Alaska
19%
Which of the following are not British owned islands groups? Cook Islands
19%
No matching quizzes found
Score Distribution
Percent of People with Each Score
Percentile by Number Answered
Your Score History
You have not taken this quiz